| 000 | 00486nam a2200169 i 4500 | ||
|---|---|---|---|
| 001 | 85707 | ||
| 003 | ES-MaACL | ||
| 005 | 20230906175305.0 | ||
| 007 | t| | ||
| 008 | 041130s1961 sp ||||1| spa d | ||
| 100 | 0 |
_aJuan _bXIII _cPapa, Santo. _967136 |
|
| 245 | 1 | 0 |
_aAnuarii Petrus _b: la voz del Papa / _cJuan XXIII. |
| 260 |
_aBarcelona : _bVelamala, _c1961. |
||
| 300 |
_a2 v. ; _c25 cm. |
||
| 505 | 8 | _aContiene: V.1. 1959. -- V.2. 1960-61 | |
| 852 |
_aES-MaACL _jE-4055-6 _bR.49136 |
||
| 999 |
_c85707 _d85707 |
||